[Event "Mediterranean op 2nd"]
[Site "Rijeka"]
[Date "2008.12.05"]
[Round "8"]
[White "Plenca, Julian"]
[Black "Surov, Evgeny"]
[Result "1-0"]
[WhiteElo "2236"]
[BlackElo "1960"]
[PlyCount "75"]
[EventDate "2008.11.29"]
[EventType "swiss"]
[EventRounds "9"]
[EventCountry "CRO"]
[SourceTitle "CBM 127 Extra"]
[Source "ChessBase"]
[SourceDate "2009.01.08"]
[SourceVersion "2"]
[SourceVersionDate "2009.01.28"]
[SourceQuality "1"]

1. e4 c6 2. d4 d5 3. Nc3 dxe4 4. Nxe4 Bf5 5. Nc5 Qc7 6. Bd3 Bxd3 7. Nxd3 Nd7 8. Bf4 Qa5+ 9. c3 e6 10. Nf3 Ngf6 11. 0-0 Qf5 12. Re1 Be7 13. Nfe5 Rd8 14. g4 Nxg4 15. Qxg4 Qxg4+ 16. Nxg4 Nb6 17. Bc7 Rd7 18. Bxb6 axb6 19. Nge5 Rd5 20. a4 0-0 21. Nf3 Bd6 22. Nde5 Bc7 23. c4 Rdd8 24. b4 f6 25. Ng4 Kf7 26. Ne3 g5 27. Red1 Kg6 28. c5 h5 29. Nc4 Rd5 30. cxb6 Bb8 31. Ne3 Rd7 32. a5 g4 33. Ne1 Rfd8 34. Nd3 Re7 35. Nc5 Kg5 36. Nc4 Kh4 37. a6 bxa6 38. Na5 1-0

[Event "Mediterranean op 2nd"]
[Site "Rijeka"]
[Date "2008.12.04"]
[Round "7"]
[White "Surov, Evgeny"]
[Black "Sandalakis, Angelos"]
[Result "0-1"]
[WhiteElo "1960"]
[BlackElo "2376"]
[PlyCount "94"]
[EventDate "2008.11.29"]
[EventType "swiss"]
[EventRounds "9"]
[EventCountry "CRO"]
[SourceTitle "CBM 127 Extra"]
[Source "ChessBase"]
[SourceDate "2009.01.08"]
[SourceVersion "2"]
[SourceVersionDate "2009.01.28"]
[SourceQuality "1"]

1. d4 Nf6 2. Nf3 e6 3. c4 d5 4. g3 Be7 5. Bg2 0-0 6. 0-0 dxc4 7. Qc2 a6 8. Qxc4 b5 9. Qc2 Bb7 10. Bd2 Nbd7 11. Ba5 Bd6 12. Nbd2 Qe8 13. e4 e5 14. d5 Rc8 15. Qd3 c6 16. dxc6 Rxc6 17. a3 Qb8 18. Nb3 Re8 19. Nfd2 Nf8 20. a4 Ba8 21. axb5 axb5 22. Nb1 b4 23. N1d2 Bb7 24. Rfc1 Ba6 25. Qe3 Rec8 26. Bh3 Ne6 27. Bxe6 fxe6 28. Rxc6 Rxc6 29. Rc1 Rxc1+ 30. Nxc1 Nd7 31. Ncb3 Qb5 32. Qg5 Nf8 33. Qd8 Bc5 34. Nxc5 Qxc5 35. Qb6 Qc2 36. Kg2 Qxd2 37. Qxa6 Qxb2 38. Qc4 b3 39. Kf3 Qc2 40. Qxc2 bxc2 41. Bd2 Nd7 42. Bc1 Nc5 43. Ba3 Nb3 44. Ke3 Kf7 45. f4 exf4+ 46. gxf4 c1Q+ 47. Bxc1 Nxc1 0-1